Beniniä lähimmät maat - Statistics

Yleistilastot
  • Tätä visaa on pelattu 16 kertaa
  • Keskiarvotulos 17 / 20
Vastaustilastot
km maa % Oikein
0 Burkina Faso
100%
43 Ghana
100%
0 Niger
100%
0 Nigeria
100%
315 Côte d'Ivoire
92%
947 Guinea
92%
326 Mali
92%
720 Päiväntasaajan Guinea
92%
0 Togo
92%
1114 Tšad
92%
733 Algeria
83%
668 Kamerun
83%
1291 Keski-Afrikan tasavalta
83%
997 Liberia
83%
857 Mauritania
83%
969 Gabon
75%
1340 Senegal
75%
1261 Kongo
67%
1232 Sierra Leone
67%
735 São Tomé ja Príncipe
50%
Ehtoja vastaavia visoja ei löytynyt
Tulosjakauma
Jokaisen tuloksen saaneiden osuus
Persentiili vastausten määrän mukaan
Tuloshistoriasi
Et ole pelannut tätä visaa